00310nam a2200109Ia 4500008004100000041000800041082002400049100002300073245004800096260004700144300000900191230411s9999 xx 000 0 und d aeng aAD/610.7/HEI/B04838 aHeidgerken Loretta aTeaching And Learning In Schools Of Nursing bJ B Lippincott CompanyaPhiladelphiac1965 a685p